000 00679nam a2200217 i 4500
001 72573
003 ES-MaACL
005 20250815085326.0
007 t|
008 040901s1976 sp ||||1| spa d
100 1 _aGlasstone, Samuel.
_957413
245 1 0 _aTratado de Química-Física /
_cSamuel Glasstone ; traducido por Juan Sancho Gómez.
250 _a[7ª ed.].
260 _aMadrid :
_bAguilar,
_c[1976] (
_fRivadeneyra)
300 _aXXIII, 1180 p. :
_bil. ;
_c24 cm.
490 1 _aCiencia y técnica
700 1 _aSancho Gómez, Juan.
_9103040
830 0 0 _aCiencia y técnica
_9177702
852 _aES-MaACL
_jA-5982
_bR.94998
999 _c72573
_d72573